| 000 | 00574nam a2200205 a 4500 | ||
|---|---|---|---|
| 001 | 5024 | ||
| 003 | CDMR | ||
| 005 | 20131014164202.0 | ||
| 008 | 130130s2003||||||||||||||||||||||||||||d | ||
| 020 | _a8423335623 | ||
| 040 |
_aCDMR _bcat _cCDMR |
||
| 245 | 3 |
_aLa crónica de Destino _cedición a cargo de Alexandre Porcel |
|
| 260 |
_aBarcelona _c2003 _bDestino |
||
| 300 | _a2 v. | ||
| 490 | 0 |
_aImago Mundi _v38 |
|
| 505 | _aConté: 1.- 1947-1956 ; 2.- 1957-1980 | ||
| 610 | 2 |
_93381 _aDestino (Revista) _xHistòria |
|
| 700 | 1 |
_93048 _aPorcel, Alexandre _eed. |
|
| 942 |
_cMON _2udc |
||
| 999 |
_c5024 _d5024 |
||